MDQL
is popping MORE tags! Check the
thread
!
Quizzes
Events
Quiz Creation
Community
Videos
Private Events
Remove Ads
Sign In
Join for FREE
Feedback
Dark Mode
Quiz Categories
Sports
Geography
Music
Movies
Television
Just For Fun
Miscellaneous
History
Literature
Language
Science
Gaming
Entertainment
Religion
Holiday
For Kids
Quiz Lab
Recent
Popular Today
Quiz Kudos Today
Editor Picks
Curator Picks
Quizzes by...
Day
Popularity
Type
Ratings
Length
Year
Community
Subscriptions
Recent Discussions
Orange Saloon
Badges
Playlists
Quests
Create
Leaderboards
Showdown
Live 5
Trivia Bingo
Activity
Puzzle Library
Sporcle Events
Private Events
Virtual Trivia
Globe League
Become a Host
Pub Owners
SporcleCon
Opinionation
Our Games
Videos
Blog
Mobile Apps
Partnerships
Remove Ads and Go Orange
Feedback
Music
Pop Music
The Beatles
Song
Album
Lyrics
Bands
Singers
Artist
Clip
Rock
Rap
Classical
Billboard
Country Music
Kpop
Taylor Swift
Music
Pop Music
The Beatles
Song
Album
Lyrics
Bands
Singers
Artist
Clip
Rock
Rap
Classical
Billboard
Country Music
Kpop
Taylor Swift
Random Quiz
Search Sporcle
×
Quiz Lab
Quiz Lab
Music
5 Seconds of Summer
Type in answers that appear in a list
Type in answers that appear in a list
Classic
Best Score? Go Orange.
5 Seconds of Summer Lyrics Stats
Can you name the 5 Seconds of Summer Lyrics without any hints?
By
allofthesevoices
10m
217 Questions
1,882 Plays
1,882 Plays
1,882 Plays
Comments
Comments
Give Quiz Kudos
Give Quiz Kudos
-
- Ratings
hide this ad
Replay
Link that replays current quiz
Next Quiz
Link to next quiz in quiz playlist
You Got
0%
They Got
Avg Score
56%
Avg Friend Score
Upgrade to see
Score Distribution
Jump to the score distribution portion of the page
Score
0/217
Timer
10:00
0
Plays Today
Answer
% Correct
and
89.5%
a
89.5%
the
89.5%
a
89.5%
a
89.5%
the
89.5%
and
89.5%
a
89.5%
a
89.5%
a
89.5%
the
89.5%
and
89.5%
a
89.5%
a
89.5%
the
89.5%
and
89.5%
a
89.5%
you
87.1%
you
87.1%
you
87.1%
we
79.9%
we
79.9%
be
73.9%
be
73.9%
me
73.8%
me
73.7%
me
73.7%
me
73.7%
me
73.7%
it
72.2%
to
71.2%
to
71.2%
to
71.2%
to
71.2%
to
71.2%
to
71.2%
to
71.2%
I
70.3%
I
70.3%
in
69.2%
in
69.2%
in
69.2%
in
69.2%
in
69.2%
in
69.2%
go
67.3%
my
66.4%
my
66.4%
my
66.4%
my
66.4%
my
66.4%
my
66.4%
on
65.5%
you're
64.1%
you're
64.1%
you're
64.1%
no
63.9%
no
63.9%
of
63.3%
of
63.3%
of
63.3%
of
63.3%
of
63.3%
of
63.3%
out
58.2%
out
58.2%
out
58.2%
take
57.6%
just
57.5%
just
57.5%
just
57.5%
it's
56.8%
it's
56.8%
Answer
% Correct
it's
56.8%
it's
56.8%
it's
56.8%
it's
56.8%
back
55.8%
that
55.8%
that
55.8%
this
55.8%
back
55.8%
that
55.8%
that
55.8%
this
55.8%
this
55.8%
high
55%
high
55%
high
55%
wanna
54.6%
wanna
54.6%
now
54.6%
now
54.6%
now
54.6%
now
54.6%
now
54.6%
now
54.6%
never
54.4%
never
54.4%
school
53.9%
school
53.9%
used
53.7%
used
53.7%
slow
52.9%
limit
52.8%
limit
52.8%
limit
52.8%
get
52.7%
get
52.7%
been
52.6%
been
52.6%
been
52.6%
been
52.6%
been
52.6%
been
52.6%
let
52.4%
over
52.3%
over
52.3%
over
52.3%
over
52.3%
over
52.3%
over
52.3%
over
52.3%
over
52.3%
over
52.3%
even
52%
even
52%
even
52%
even
52%
even
52%
even
52%
red
51.8%
who
51.8%
who
51.8%
I've
51.3%
I've
51.3%
I've
51.3%
lipstick
50.6%
little
50.6%
best
50.6%
little
50.6%
best
50.6%
little
50.6%
best
50.6%
up
50.4%
up
50.4%
Answer
% Correct
two
50%
two
50%
two
50%
bit
50%
bit
50%
bit
50%
mind
49.8%
mind
49.8%
mind
49.8%
years
49.3%
years
49.3%
years
49.3%
down
48.5%
start
48.5%
start
48.5%
start
48.5%
seen
48.1%
seen
48.1%
seen
48.1%
let's
47.5%
let's
47.5%
let's
47.5%
haven't
47.3%
haven't
47.3%
haven't
47.3%
times
47.1%
times
47.1%
times
47.1%
thousand
46.8%
thousand
46.8%
thousand
46.8%
had
46.6%
had
46.6%
guy
46.2%
guy
46.2%
more
46.1%
more
46.1%
make
45.8%
almost
45.7%
almost
45.7%
almost
45.7%
taste
44.5%
taste
44.5%
doesn't
44.4%
doesn't
44.4%
town
43.5%
cause
43.5%
day
43.2%
job
43%
working
42.4%
win
41.5%
one
41.5%
win
41.5%
having
40.8%
having
40.8%
plans
40.6%
prize
40.4%
prize
40.4%
chase
39.7%
chase
39.7%
waiting
39%
couldn't
39%
line
38.2%
servo
37.9%
but
37.2%
ends
35.5%
called
32.8%
split
31.9%
meet
28.4%
stillettos
22.1%
healed
19.1%
Quiz Playlist
Details
Report
Send in Message
Add To Playlist
Classic:
Type in answers that appear in a list
Last Updated: Feb 16, 2017
Quiz Scoreboard
CHALLENGE
Sign Up to Join the Scoreboard
Show All
Scores
Hide
Comments
May contain spoilers
Recently Published
Find the 'City' Movie
by crazypaving
Movies
60s
5x2 Blitz: Bands
by SL_Kpop136
Music
30s
Colored Red Africa Blitz
by spor1
Geography
30s
More to Explore
Quiz From the Vault
Featured Blog Post
14 Easter Pick-up Lines to Find Eggs With
hide this ad
You Might Also Like...
Tags
5 Seconds of Summer
second
Summer
Today's Top Quizzes in Music
Browse Music
hide this ad
Top Contributed Quizzes in Music
1
5X2 Blitz: Bands II
2
Taylor Swift All Songs (2024)
3
5X2 Blitz: The Beatles
4
5X2 Blitz: Billboard
5
Taylor Swift Logic Puzzle
6
Taylor Swift Logic Puzzle II
7
5X2 Blitz: Album
8
5X2 Blitz: Billboard II
9
Music Artist by Three 2010s hits
10
5X2 Blitz: Rock
Explore More
Trending Topics
Marvel
Crossword
Anime
NBA
Harry Potter
Disney
Kpop
Soccer
WWE
Country
Puzzle
Pokémon
Song
The Office
NFL
hide this ad
More By:
allofthesevoices
Quiz
Plays
Rating
Category
Featured
Created
5 Seconds of Summer Lyrics
1,882
3.00
Music
Aug 15, 2013
5 Seconds of Summer Lyrics 2
1,852
4.00
Music
Aug 15, 2013
Starkid's AVPM Lyrics
1,550
3.40
Music
Aug 11, 2012
Juliet's Balcony Monologue: Modern to Classic
102
Literature
Jul 13, 2012
Juliet's Act 2 Scene 2 Monologue in Order
46
Literature
Jul 13, 2012
Go to Creator's Profile
Score Distribution
Quiz Creator Spotlight
allofthesevoices
Follow
Send a Message
Quizzes Created
-
Created Quiz Play Count
-
More By This Creator
Popular Quizzes Today
1
Find the 'City' Movie
2
5x2 Blitz: Bands
3
Colored Red Africa Blitz
4
Find the US States - No Outlines Minefield
5
The Countries of the World
6
Find the US States
7
9x9 Crossword: Cartoon Network
8
US States
More Music Quizzes
Quick Pick: Third Eye Blind Songs
Quiz Lab
Trending Quizzes
Colored Red Africa Blitz II
Colored Red Europe Blitz I
Colored Red Africa Blitz III
Colored Red Europe Blitz II
Colored Red Europe Blitz III
Recently Updated
Champions League XIs: Real Madrid
pecheneg
Largest US Cities 1790-2010
pecheneg
Rides in Walt Disney World
pecheneg
Most Oscar Losses (Acting)
pecheneg
Beyoncé Albums
pecheneg
Leaping Animals
pecheneg
Reality TV Shows (A-Z)
bhenderson79
Rickey Henderson's Hall of Fame Teammates
pecheneg
Champions League XIs: Arsenal
pecheneg
Quick Pick: Celebrities in WWE's Hall of Fame
aduchscher
Trending Topics
Kpop
Marvel
Crossword
Harry Potter
NBA
Anime
Disney
WWE
Country
Puzzle
Song
Soccer
The Office
NFL
Pokémon
Your Account Isn't Verified!
In order to create a playlist on Sporcle, you need to verify the email address you used during registration. Go to your
Sporcle Settings
to finish the process.
Report this User
Report this user for behavior that violates our
Community Guidelines
.
Details:
Send Report
Go to the Sporcle.com Mobile Site →
Comments